000 00716nam a2200241 i 4500
001 106077
003 ES-MaACL
007 t|
008 060925s1972 fr ||||1| fre d
080 _a314.7(44)"19"
080 _a331.105.44(44)"19"
100 1 _aGani, Léon.
_953861
245 1 0 _aSyndicats et travailleurs immigrés /
_cLéon Gani.
260 _aParis :
_bEditions Sociales,
_c[1972]
300 _a254 p. ;
_c18 cm.
490 1 _aNotre temps
500 _aBiblioteca Juan Andrade.
650 1 4 _aEmigración e inmigración-
_zFrancia-
_yS.XX.
_912190
650 1 4 _aSindicatos-
_zFrancia.
_917122
830 0 _aNotre temps
_9232810
852 _aES-MaACL
_jAND-839
_bR.110130
999 _c106077
_d106077